Despotism in America : an inquiry into the nature, results, and legal basis of the slave-holding system in the United States /

Bibliographic Details
Main Author: Hildreth, Richard, 1807-1865
Format: Book
Language:English
Published: Boston : New York : J. P. Jewett; Sheldon, Lamport & Blakeman, 1854.
Subjects:

MARC

Tag First Indicator Second Indicator Subfields
LEADER 00000cam a2200000 4500
001 in00000060725
005 20151008050542.0
008 760119r18541840mau 00000 eng
010 |a  11009323  
035 |a (OCoLC)01933767 
035 |9 AAG1750AM 
040 |a DLC  |c IAU  |d TXA  |d UtOrBLW 
049 |a TXAM  |c [83412] 
050 0 |a E449  |b .H641 
092 |a 326.973  |b H644d 
100 1 |a Hildreth, Richard,  |d 1807-1865. 
245 1 0 |a Despotism in America :  |b an inquiry into the nature, results, and legal basis of the slave-holding system in the United States /  |c By Richard Hildreth. 
264 1 |a Boston :  |b J. P. Jewett;  |a New York :  |b Sheldon, Lamport & Blakeman,  |c 1854. 
300 |a vi, 306 pages ;  |c 19 cm. 
336 |a text  |b txt  |2 rdacontent 
337 |a unmediated  |b n  |2 rdamedia 
338 |a volume  |b nc  |2 rdacarrier 
500 |a First published anonymously, Boston, 1840. 
650 0 |a Slavery  |z United States  |x Controversial literature  |y 1854. 
650 0 |a Slavery  |z United States  |x Law and legislation. 
999 |a MARS 
999 f f |s 44bd9185-4b06-3c53-aced-335d73e082db  |i cdf84aa9-452d-3b58-a51d-f6485fd0cb57  |t 0 
952 f f |p normal  |a Texas A&M University  |b College Station  |c Sterling C. Evans Library  |d Evans: Library Stacks  |t 0  |e E449 .H641  |h Library of Congress classification  |i unmediated -- volume  |m A14800673038 
998 f f |a E449 .H641  |t 0  |l Evans: Library Stacks